| 000 | 00455nam a2200169 a 4500 | ||
|---|---|---|---|
| 005 | 20140414093837.0 | ||
| 008 | 030923s19uu xx 00 eng d | ||
| 050 |
_aVCD 791.43 _bFir 1994 |
||
| 100 | _aConnery, Sean | ||
| 245 |
_aFirst knight : _bthe greatest battle would be for her love / _cSean Connery. |
||
| 500 | _a(dis 1&2) | ||
| 650 | _aWarriors. | ||
| 650 | _aMotion pictures. | ||
| 650 | _aLove stories. | ||
| 942 | _cAVM | ||
| 999 |
_c109107 _d109107 |
||